Bienvenue à la Médiathèque de Saint-Andiol
banniere
Accueil Recherche avancée Mon compte
handi1 Rechercher dans le catalogue

Filtre   Mots-clés
  Recherche avancée
 
Lister les dernières nouveautés
 
Lister les livres GROS CARACTERES
 
Lister les périodiques (magazines)

handi1 Charles de Gaulle

<< Retourner aux résultats de la recherche
Book Cover
Auteur principal : Franck Segrétain
Titre : Charles de Gaulle
Support : Livres
Langue : Francais
Genre : Documentaire
Sujets : Gaulle, Charles de (1890-1970) > Ouvrages pour la jeunesse
Étiquettes :
Pas de tags
LEADER 00824nam0a2200205 450
001 16867197
010 |a 978-2-215-10034-8  |d 15,95 € 
100 |a 20100619d2010 u u0frey01 ba 
101 0 |a fre 
102 |a FR 
200 0 |a Charles de Gaulle  |f Franck Segrétain 
207 1 |a   
215 |a 1 vol. (80 p.)  |c ill en coul  |d 28 cm  |e 1 DVD 
330 |a Le parcours du général de Gaulle, indissociable de l'histoire de la France du XXe siècle : la Libération, la fondation de la Ve République, la décolonisation, Mai 1968, etc. 
600 0 |a Gaulle, Charles de (1890-1970)  |x Ouvrages pour la jeunesse 
676 |a 944.081 6 
700 0 |a Segrétain  |b Franck  |4 70 
900 |a Documentaire 
901 |a Jeunesse 
995 |a Médiathèque  |c Médiathèque  |f 00156008346264  |h 00156008346264  |k E 944.0816 GAU  |o p  |q j  |r az  |e Médiathèque